| 000 | 00592nam a22001817a 4500 | ||
|---|---|---|---|
| 005 | 20091019103044.0 | ||
| 008 | 091019t xxu||||| |||| 00| 0 eng d | ||
| 020 | _a0-13-112746-2 | ||
| 080 |
_a658:174.4 _bGIN |
||
| 100 |
_aGini, A.I. [ed] _eed.by _97330 |
||
| 245 | _aCase studies in business eithics | ||
| 250 | _a5th ed. | ||
| 260 |
_aNew Jersey _bPearson Prentice Hall _c2006 _97331 |
||
| 300 | _ax,397p. | ||
| 653 | _aBusiness ethics | ||
| 942 | _cBK | ||
| 952 |
_w2009-10-19 _p00054491 _r2011-09-30 _40 _00 _bUL _10 _o658:174.4 GIN _d2009-10-19 _70 _2udc _yBK _s2011-09-16 _l1 _aUL |
||
| 999 |
_c8745 _d8744 |
||